LEADER 02280 am 22006373u 450 001 9910140194503321 005 20230125205630.0 010 $a1-925021-30-0 035 $a(CKB)2670000000497851 035 $a(EBL)4585030 035 $a(WaSeSS)IndRDA00058514 035 $a(Au-PeEL)EBL4585030 035 $a(CaPaEBR)ebr11234022 035 $a(OCoLC)858862369 035 $a(MiAaPQ)EBC4585030 035 $a(oapen)https://directory.doabooks.org/handle/20.500.12854/32352 035 $a(EXLCZ)992670000000497851 100 $a20160719h20132013 uy| 0 101 0 $aeng 135 $aurbn#---||||| 181 $2rdacontent 182 $2rdamedia 183 $2rdacarrier 200 14$aThe struggle of the Shi'is in Indonesia /$fby Zulkifli 210 $aCanberra$cANU Press$d2013 210 1$aCanberra :$cANU E Press,$d[2013] 210 4$d©2013 215 $a1 online resource (304 pages) 225 1 $aIslam in Southeast Asia 311 $a1-925021-29-7 320 $aIncludes bibliographical references and index. 327 $aForeword to The Struggle of the Shi'is in Indonesia / James J. Fox -- A Note on transliteration -- Introduction -- 1. The Formation of the Shi'i Community -- 2. The Leaders -- 3. The Madhhab -- 4. Da'Wa -- 5. Education -- 6. Publishing -- 7. The Mass Organisation Ijabi -- 8. Sunni responses to Shi'ism -- 9. Conclusion. 330 $aThe Struggle of the Shi'is in Indonesia is a pioneering work. It is the first comprehensive scholarly examination in English of the development of Shiism in Indonesia. 410 0$aIslam in Southeast Asia 606 $aShiites$zIndonesia 606 $aShi??ah$xRelations$xSunnites 606 $aSunnites$xRelations$xShi??ah 610 $aislam 610 $aindonesia 610 $ashiite 610 $aminorities 610 $aDawah 610 $aShia Islam 610 $aSunni Islam 615 0$aShiites 615 0$aShi??ah$xRelations$xSunnites. 615 0$aSunnites$xRelations$xShi??ah. 676 $a297.8042 700 $aZulkifli$0802234 801 0$bMiAaPQ 801 1$bMiAaPQ 801 2$bMiAaPQ 906 $aBOOK 912 $a9910140194503321 996 $aStruggle of the Shi?is in Indonesia$91803486 997 $aUNINA LEADER 05359nam 2200469 450 001 9910796346203321 005 20220201003237.0 010 $a3-11-134273-5 024 7 $a10.1515/9783111342733 035 $a(CKB)3800000000419209 035 $a(MiAaPQ)EBC5159252 035 $a(DE-B1597)89985 035 $a(OCoLC)1004877886 035 $a(DE-B1597)9783111342733 035 $a(Au-PeEL)EBL5159252 035 $a(PPN)219913331 035 $a(EXLCZ)993800000000419209 100 $a20180825d1972 uy 0 101 0 $afre 135 $aurcnu|||||||| 181 $ctxt$2rdacontent 182 $cc$2rdamedia 183 $acr$2rdacarrier 200 10$aE?tudes de ge?ographie tropicale offertes a? Pierre Gourou /$fa? Pierre Gourou 205 $aReprint 2017 210 1$aParis :$cMouton :$cLa Haye,$d1972. 215 $a1 online resource (616 pages) 225 1 $aMonde d'Outre-Mer Passe? et Pre?sent, Se?rie Etudes ;$v38 311 $a3-11-099143-8 327 $tFrontmatter --$tPréface /$rPapy, Louis --$tGéographie humaine --$tEssai sur l'action humaine /$rBeaujeu-Garnier, Jacqueline --$tSous-développement et géographie /$rIsnard, Hildebert --$tEspace et temps dans l'évolution des cadres régionaux /$rJuillard, Étienne --$tThe Hawksbill Turtle and the Tortoise Shell Trade /$rParsons, James J. --$tLes deux aspects de l'organisation de l'espace /$rVinchemel, Philippe --$tRéflexions sur le métier de géographe /$rRibeiro, Orlando --$tProblèmes de représentation de l'utilisation du sol /$rVanzetti, Carlo --$tAsie des Moussons et Océanie --$tRay et utilisation des terres hautes dans la Thaïlande septentrionale /$rBruneau, Michel --$tDeux aspects de la civilisation du végétal en Asie du Sud-Est /$rCondominas, Georges --$tRemarques sur les agricultures de l'Asie de la Mousson /$rDelvert, Jean --$tCirculation et commerce dans les montagnes tropicales Les pays himalayens /$rDupuis, Jacques --$tCroissance agricole et disparités régionales au Pakistan /$rÉtìenne, Gilbert --$tLa géopolitique du Cambodge et la deuxième guerre d'Indochine /$rGarry, Robert --$tLes Chinois aux Hawaï /$rLemps, Christian Huetz de --$tCaractères de la mortalité féminine et de la mortalité des enfants au Cambodge /$rMigozzi, Jacques --$tLa nouvelle emprise chinoise sur le milieu géographique dévolution et tradition /$rPezeu-Massabuau, Jacques --$tLa région de Kampot Paysage et civilisation /$rCourtier, Poland --$tU irrigation dans le Nord du Laos L'exemple du bassin de la Nam Song à Vang Vieng /$rTaillard, Chritian --$tAfrique tropicale --$tA propos du questionnaire sur la toponymie africaine établi par un linguiste anglophone /$rCornevin, Robert --$tContribution à l'étude climatique du désert côtier d'Angola /$rDaveau, Suzanne --$tL'« Afrique » de Pierre Gourou et le point de vue d'un administrateur /$rDelavignette, Robert --$tUne enquête budget-temps dans les Uélé (République du Zaïre) /$rSmet, Roger E. De --$tEssai sur la situation actuelle des relations entre pasteurs et paysans dans le Sahel ouest-africain /$rGallais, Jean --$tLes problèmes du Cap-Vert /$rGuichonnet, Paul --$tSenegal and Gambia Some Problems of Association /$rHarrison-Church, Ronald J. --$tOrìgine et sens du nom des Sakalava de Madagascar /$rMolet, Louis --$tLes destinées d'un pays equatorial Le lac Léopold II /$rNicolai, Henri --$tCafé et cacao chez les petits paysans d'Afrique noire /$rPapy, Louis --$tL'organisation et le bilan du commerce français de l'arachide en Afrique occidentale de 1848 à 1885 /$rPéhaut, Yves --$tRéflexions sur une entreprise de développement par la vulgarisation agricole /$rPélissier, Paul --$tUtilisation du sol et organisation de l'espace en Imerina ancienne /$rRaison, Jean-Pierre --$tSectes secrètes zande (République du Zaïre) /$rSalmon, Pierre --$tQuelques exemples de structures agraires dans les territoires tropicaux portugais d'Afrique /$rBrito, Raquel Soeiro de --$tThe Challenge to Geographers of the Study of Population in Tropical Africa /$rSteel, Robert Walter --$tRecherche d'un cadre régional de planification en Côte-d'Ivoire /$rTrouchaud, Jean-Pierre --$tL'approvisionnement des villes en Afrique noire. Un problème à étudier /$rVennetier, Pierre --$tAmérique tropicale --$tLes relations d'une société et d'un milieu géographique ha plantation antillaise /$rBenoist, Jean --$tJamaica and Martinique Contrasting Aspects of Folk Agriculture and Non-Folk Agriculture /$rCrist, Raymond E. / Popenoe, Hugh --$tLe développement des villes principales aux Antilles l'exemple de Port of Spain /$rGiacottino, Jean-Claude --$tha petite propriété des Antilles françaises dans la crise de l'économie de plantation /$rLasserre, Guy --$tMiscellanées --$tLes villages de pêcheurs de la côte Noroît du bassin d'Arcachon /$rCassou-Mounat, Micheline --$tLe nom d'Andalousie /$rSermet, Jean --$tTable des matières 410 0$aMonde d'outre-mer, passe? et pre?sent.$nPremie?re se?rie,$pEtudes. 606 $aGeographers 615 0$aGeographers. 676 $a910.23 700 $aGourou$b Pierre$0129402 801 0$bMiAaPQ 801 1$bMiAaPQ 801 2$bMiAaPQ 906 $aBOOK 912 $a9910796346203321 996 $aE?tudes de ge?ographie tropicale offertes a? Pierre Gourou$93801123 997 $aUNINA